Statistics for Modern Countries Conquered by Normans

Click here to take the quiz!

General Stats

  • This quiz has been taken 56 times
  • The average score is 15 of 16

Answers on the Map

Answers color-coded by a green-red scale on the quiz's map according to % correct below.
 

Answer Stats

Answer% Correct
France
100%
Ireland
100%
Italy
100%
Turkey
100%
United Kingdom
100%
Cyprus
98%
Libya
98%
Israel
96%
Tunisia
96%
Greece
95%
Lebanon
95%
Syria
95%
Algeria
93%
Spain (Tarragona)
93%
Spain (Valencia)
93%
Malta
87%

Score Distribution

Percentile by Number Answered

Percent of People with Each Score

Your Score History

You have not taken this quiz